82年生的金智英 / (Record no. 7280)
[ view plain ]
| 000 -LEADER | |
|---|---|
| fixed length control field | 00690cam a2200253 4500 |
| 001 - CONTROL NUMBER | |
| control field | 605329 |
| 003 - CONTROL NUMBER IDENTIFIER | |
| control field | YEEZEN |
| 005 - DATE AND TIME OF LATEST TRANSACTION | |
| control field | 20220816111546.0 |
| 008 - FIXED-LENGTH DATA ELEMENTS--GENERAL INFORMATION | |
| fixed length control field | 180821s2018 ch g 000 fdchi d |
| 020 ## - INTERNATIONAL STANDARD BOOK NUMBER | |
| International Standard Book Number | 9789864892655 |
| Qualifying information | (平裝) : |
| Terms of availability | 新臺幣310元 |
| 040 ## - CATALOGING SOURCE | |
| Original cataloging agency | TWNTU |
| Language of cataloging | chi |
| Description conventions | ccr |
| Transcribing agency | . |
| 041 1# - LANGUAGE CODE | |
| Language code of text/sound track or separate title | chi |
| Language code of original | kor |
| 042 ## - AUTHENTICATION CODE | |
| Authentication code | nbic |
| 066 ## - CHARACTER SETS PRESENT | |
| Alternate G0 or G1 character set | $1 |
| 090 ## - LOCALLY ASSIGNED LC-TYPE CALL NUMBER (OCLC); LOCAL CALL NUMBER (RLIN) | |
| Classification number (OCLC) (R) ; Classification number, CALL (RLIN) (NR) | 862.57 |
| Local cutter number (OCLC) ; Book number/undivided call number, CALL (RLIN) | 4944 |
| 100 1# - MAIN ENTRY--PERSONAL NAME | |
| Personal name | 趙南柱 |
| 245 10 - TITLE STATEMENT | |
| Title | 82年生的金智英 / |
| Statement of responsibility, etc. | 趙南柱著 ; 尹嘉玄譯 |
| 250 ## - EDITION STATEMENT | |
| Edition statement | 初版 |
| 260 ## - PUBLICATION, DISTRIBUTION, ETC. | |
| Place of publication, distribution, etc. | 臺北市 |
| Name of publisher, distributor, etc. | 漫遊者文化 |
| Date of publication, distribution, etc. | 2018.05. |
| 300 ## - PHYSICAL DESCRIPTION | |
| Extent | 212面 |
| Dimensions | 21公分 |
| 490 0# - SERIES STATEMENT | |
| Series statement | Fiction小說 |
| Volume/sequential designation | 42. |
| 500 ## - GENERAL NOTE | |
| General note | 譯自: 82년생 김지영 |
| 700 1# - ADDED ENTRY--PERSONAL NAME | |
| Personal name | 尹嘉玄 |
| 740 0# - ADDED ENTRY--UNCONTROLLED RELATED/ANALYTICAL TITLE | |
| Uncontrolled related/analytical title | 82년생 김지영 |
| 830 #0 - SERIES ADDED ENTRY--UNIFORM TITLE | |
| Uniform title | Fiction小說 |
| Volume/sequential designation | 42. |
| 942 ## - ADDED ENTRY ELEMENTS (KOHA) | |
| Source of classification or shelving scheme | 中文圖書分類法 |
| Koha item type | 一般圖書 |
| 撤銷狀態 | 遺失狀態 | 分類號來源 | 損壞狀態 | 不外借 | 永久館藏地 | 現在館藏地 | 書架位置 | 採購日期 | 全部借出 | 全部續借 | 完整索書號 | 條碼號 | 最後一次日期記錄 | Date last checked out | 一般價格有效日期 | Koha館藏類型 | 公開資訊 |
|---|---|---|---|---|---|---|---|---|---|---|---|---|---|---|---|---|---|
| 未註銷館藏 | 未遺失 | 中文圖書分類法 | 未損毀 | 可外借 | 怡仁綜合醫院圖書館 | 怡仁綜合醫院圖書館 | 2022-08-16 | 11 | 1 | 862.57 | C02862 | 2025-12-22 | 2025-12-09 | 2022-08-16 | 一般圖書 | 她有著那世代女生的菜市場名,生長於平凡的公務員家庭,大學就讀人文科系,畢業後好不容易找到還算安穩的工作,31歲和大學學長結婚,婚後三年兩人有了女兒。 接著,在眾人「理所當然」的期待下,她辭掉工作當起平凡的家庭主婦…… 某天,金智英的講話和行動變得異常起來,與丈夫講話時,用的是自己母親的口吻,或者化身成已經過世的學姊,脫口而出驚人之語;到釜山婆家過節時,又有如自己母親上身般,以「親家母」的身分向婆婆吐露內心的不滿。 最後丈夫決定帶她接受心理諮商,就在與醫師的對話中,她慢慢揭露出自己的人生故事…… |